000 01699nam0a22003251 4500
001 rc\330568
005 20250621040543.0
010 _a5-265-00824-1
_92800
035 _a(NLR Aleph) 005564168
090 _a5943241
_c5943241
100 _a20030307d1989 |||y0rusy50 ca
101 0 _arus
102 _aRU
105 _aa |||||||||
200 1 _aСкворец под луной
_eСтихотворения и поэмы
_eПер. с литов.
_fСигитас Гяда
_g[Худож. П. Перевезенцев]
210 _aМ.
_cСов. писатель
_d1989
215 _a93, [1] с.
_cил.
_d17
300 _aПеред вып. дан. авт.: Сигитас Гяда (Гяда Сигитас-Зигмас Зигмович)
327 1 _aСодерж.: Циклы: Семь стихотворений и пауза; Отчизна мамонтов: Беседы с утонувшим братом; Поэмы: В ожидании века лилий: Фрагм. из поэмы; Ночные цветы: Поэма, посвящ. Ф. Вийону; Жальгирис
464 0 _12001#$aСемь стихотворений и пауза
_tСемь стихотворений и пауза
464 0 _12001#$aОтчизна мамонтов
_tОтчизна мамонтов
464 0 _12001#$aВ ожидании века лилий
_tВ ожидании века лилий
464 0 _12001#$aНочные цветы
_tНочные цветы
464 0 _12001#$aЖальгирис
_tЖальгирис
700 1 _aГяда
_bС.
_f1943-
_gСигитас
801 0 _aRU
_bNLR
_gpsbo
801 1 _aRU
_bELAR
_2rusmarc
852 _aNLR
_j89-2/236
942 _cBOOK
980 _aNB